000 01588cam a22002294a 4500
005 20250605163925.0
008 250528s ||||||||||||||||||||||||d
035 _a14509
020 _a9603440701
040 _aGR-AtMCL
_bgre
_dGR-AtMCL
_eAACR2
245 1 _aΘέματα Γνωσιακής και Συμπεριφοριστικής Θεραπείας.
_nΤόμος Β'
260 _bΕλληνικά Γράμματα,
_c1995
300 _a155
520 _aΨυχιατρικές Υπηρεσίες του Σήμερα και του Αύριο, Θεωρία της Προσκόλλησης: Ανασκόπηση της Βιβλιογραφίας, Μεταβίβαση και Θεραπευτική Σχέση, Θεραπεία της Συμπεριφοράς σε Ασθενείς με Ψυχαναγκαστική Νεύρωση: Περιγραφή μιας Περίπτωσης, Αγοραφοβία και Κρίσεις Πανικού, Γνωσιακή Θεραπεία της Συμπεριφοράς, Workshop: Γνωσιακή Θεραπεία για το Άγχος και την Κατάθλιψη, Θεραπεία της Συμπεριφοράς: Νεότερες Εξελίξεις στη Θεραπεία και Έρευνα και Εκπαίδευση, Παρουσίαση Συνεργατών.
700 1 _aΚαλαντζή-Αζίζι Αναστασία
_9164
700 1 _aΜόλβερ Γ
_9208
700 1 _aΜπουλουγούρης Γιάννης
_9209
700 1 _aΜπούρας Νίκος
_9210
942 _cBK
999 _c138
_d138